000 00718cam a2200229 a 4500
001 11936697
005 20180221084849.0
008 000309s1999 nyuab b 000 0 eng
010 _a 00501488
020 _a0471195987
040 _aDLC
_cDLC
_dDLC
041 _aeng
080 _a304.2 ROB
082 0 0 _a304.2 ROB
_221
100 _a41
101 _aGEO
245 0 0 _aGeoSystems today :
_cRobert E. Ford, James D. Hipple, [eds.].
504 _aIncludes bibliographical references.
906 _a7
_bcbc
_corignew
_d2
_encip
_f20
_gy-gencatlg
942 _2ddc
_cBK
999 _c43071
_d43071